| 000 | 00537nam a22001817a 4500 | ||
|---|---|---|---|
| 005 | 20251108164657.0 | ||
| 008 | 250721s1991 xx 000 0 ara d | ||
| 082 | 1 | 4 | _a740.0962/جما |
| 100 | 1 | _aالتوني، جمال | |
| 245 | 1 | 0 | _aالزخرفة المصرية القديمة / |
| 264 | 1 |
_aنيويورك : _bالكاتب المصري للطباعة و النشر، _c1991. |
|
| 300 | _a95ص : مص | ||
| 650 | 1 | 7 | _aالفن المصري |
| 650 | 1 | 7 | _aالزخرفة |
| 650 | 1 | 7 | _aمصر |
| 942 |
_2ddc _cBK |
||
| 999 |
_c11591 _d11591 |
||